00606 2200217 4500001002100000005001700021008004100038020002200079035002400101082001000125090002200135100002700157245006300184250001000247260003400257300002800291650002100319850001200340990001700352990001900369YOGYA-0611000000087420110620143700.0 ind  a978-979-1475-18-1 0010-061100000000874 a028.5 a028.5bSum BlSEL aSUMIRATINGRATRI, Ratih aPongo dan Pongitobmengusir pemburucRatih Sumiratingratri aCet.1 aJakartabIndria Pustakac2010 avi, 54 hlmbilusc23 cm aBacaan bergambar aYOPDYOG a913-Sel/B.11 a914- Sel/ B.11